000 00549cam a22002171 4500
001 sa 67002125
003 DLC
005 20260227112328.0
008 890713s1966 ii ch 000 0 beno
010 _asa 67002125
035 _a(OCoLC)20004292
040 _aDLC
_cWaU
_dDLC
042 _apremarc
050 0 0 _aBL1146.G75
_bS6
100 1 _aGupta, Mahendra Nath,
_d1855-1932.
245 1 0 _aŚrīma-kathā.
260 _c[1966]
300 _a12, 470 p.
_bfacsim., port.
_c22 cm.
500 _aIn Bengali.
700 0 _aJagannathananda,
_cSwami.
999 _c73054
_d73054